Estatísticas para Países que contêm uma letra - B

Clique aqui para jogar o quiz

Estatísticas Gerais

  • Esse quiz foi jogado 95 vezes
  • A pontuação média é 30 de 48

Estatísticas das Respostas

CategoriaPaís% Correto
1 x BBrasil
98%
1 x BBolívia
89%
1 x BBélgica
83%
1 x BBósnia e Herzegovina
83%
1 x BBielorrússia
81%
1 x BBrunei
81%
1 x BBelize
79%
1 x BBotswana
78%
1 x BBangladesh
75%
2 x BBarbados
75%
1 x BBahamas
71%
1 x BButão
71%
1 x BBulgária
70%
1 x BBahrein
68%
1 x BBenim
68%
1 x BColômbia
68%
1 x BArábia Saudita
67%
1 x BAlbânia
65%
1 x BAzerbaijão
65%
1 x BGâmbia
65%
1 x BZâmbia
65%
2 x BZimbábue
65%
1 x BBurkina Faso
62%
1 x BCuba
60%
1 x BBurundi
59%
1 x BGabão
59%
1 x BRepública Democrática do Congo
57%
1 x BUzbequistão
57%
2 x BAntígua e Barbuda
56%
1 x BBirmânia
56%
1 x BRepública do Congo
56%
1 x BGuiné-Bissau
54%
1 x BRepública Checa
54%
1 x BRepública Dominicana
54%
1 x BCamboja
52%
1 x BEmirados Árabes Unidos
52%
1 x BLíbia
51%
1 x BMoçambique
51%
1 x BNamíbia
51%
1 x BLíbano
49%
1 x BLuxemburgo
48%
1 x BRepública Centro-Africana
48%
1 x BTrinidad e Tobago
48%
1 x BCabo Verde
46%
1 x BDjibouti
43%
1 x BLibéria
43%
1 x BKiribati
37%
1 x BPaíses Baixos
35%

Distribuição das Pontuações

Percentil de Números Respondidos

Porcentagem de Pessoas com Cada Pontuação

Sua Pontuação Histórica

Você não jogou esse quiz